Faktory ovplyvňujúce prepravný proces.
Úloha človeka v prepravnom procese ako subjektu a objektu. Analýza osobnej dopravy z hľadiska zvyšovania efektívnosti dopravného procesu. Rozbor základných kvantitatívnych a kvalitatívnych ukazovateľov dopravného procesu v sídelných útvaroch na Slovensku.
Na minha lista:
| Autor principal: | |
|---|---|
| Formato: | Capítulo de Livro |
| Idioma: | eslovaco |
| Assuntos: | |
| Tags: |
Sem tags, seja o primeiro a adicionar uma tag!
|
MARC
| LEADER | 00000naa a2200000 4500 | ||
|---|---|---|---|
| 001 | r004282 | ||
| 005 | 20221125075550.2 | ||
| 041 | 0 | |a slo | |
| 044 | |a [CS] | ||
| 245 | 1 | 0 | |a Faktory ovplyvňujúce prepravný proces. |c M. Kociánová |
| 520 | |a Úloha človeka v prepravnom procese ako subjektu a objektu. Analýza osobnej dopravy z hľadiska zvyšovania efektívnosti dopravného procesu. Rozbor základných kvantitatívnych a kvalitatívnych ukazovateľov dopravného procesu v sídelných útvaroch na Slovensku. | ||
| 610 | 2 | 0 | |a preprava |
| 610 | 2 | 0 | |a činiteľ ľudský |
| 610 | 2 | 0 | |a doprava osobná |
| 610 | 2 | 0 | |a mestá |
| 610 | 2 | 0 | |a Slovensko |
| 100 | 1 | |a Kociánová, M. | |